MDQL
is popping MORE tags! Check the
thread
!
Quizzes
Events
Quiz Creation
Community
Videos
Private Events
Remove Ads
Sign In
Join for FREE
Feedback
Dark Mode
Quiz Categories
Sports
Geography
Music
Movies
Television
Just For Fun
Miscellaneous
History
Literature
Language
Science
Gaming
Entertainment
Religion
Holiday
For Kids
Quiz Lab
Recent
Popular Today
Quiz Kudos Today
Editor Picks
Curator Picks
Quizzes by...
Day
Popularity
Type
Ratings
Length
Year
Community
Subscriptions
Recent Discussions
Orange Saloon
Badges
Playlists
Quests
Create
Leaderboards
Showdown
Live 5
Trivia Bingo
Activity
Puzzle Library
Sporcle Events
Private Events
Virtual Trivia
Globe League
Become a Host
Pub Owners
SporcleCon
Opinionation
Our Games
Videos
Blog
Mobile Apps
Partnerships
Remove Ads and Go Orange
Feedback
Sports
Athletes
MLB
NBA
NHL
NFL
Soccer
Sports Teams
WWE
NCAA
Football
Premier League
Basketball
Baseball
Hockey
Golf
Tennis
Cricket
Rugby
Auto Racing
Olympics
World Cup
Sports
Athletes
MLB
NBA
NHL
NFL
Soccer
Sports Teams
WWE
NCAA
Football
Premier League
Basketball
Baseball
Hockey
Golf
Tennis
Cricket
Rugby
Auto Racing
Olympics
World Cup
Random Quiz
Search Sporcle
×
Quiz Lab
Quiz Lab
Sports
Nation
Type in answers that appear in a list
Type in answers that appear in a list
Classic
Best Score? Go Orange.
Male ski jumpers of 2013/2014 Stats
Can you name the male ski jumpers with at least one point in the 2012/2013 FIS Ski Jumping World Cup?
By
perrr
8m
85 Questions
435 Plays
435 Plays
435 Plays
Comments
Comments
Give Quiz Kudos
Give Quiz Kudos
-
- Ratings
hide this ad
Replay
Link that replays current quiz
Next Quiz
Link to next quiz in quiz playlist
You Got
0%
They Got
Avg Score
59%
Avg Friend Score
Upgrade to see
Score Distribution
Jump to the score distribution portion of the page
Score
0/85
Timer
08:00
0
Plays Today
Points
Athlete
% Correct
1420
Kamil Stoch
98.6%
1062
Noriaki Kasai
96.8%
1312
Peter Prevc
96.6%
733
Simon Ammann
96.6%
943
Gregor Schlierenzauer
95.9%
19
Cene Prevc
95.4%
1303
Severin Freund
94.9%
335
Daiki Ito
92.6%
1071
Anders Bardal
91.7%
438
Thomas Morgenstern
89%
493
Robert Kranjec
88.3%
242
Jakub Janda
86.7%
468
Andreas Kofler
86%
343
Piotr Zyla
86%
313
Richard Freitag
85.3%
176
Janne Ahonen
84.6%
539
Stefan Kraft
83%
123
Roman Koudelka
82.8%
398
Maciej Kot
82.3%
457
Jernej Damjan
81.8%
601
Andreas Wellinger
80%
439
Michael Hayboeck
77.2%
333
Taku Takeuchi
76.1%
360
Jurij Tepes
75.4%
328
Anders Fannemel
74.5%
311
Jan Matura
74.3%
226
Wolfgang Loitzl
74%
173
Gregor Deschwanden
73.8%
666
Thomas Diethart
73.6%
Points
Athlete
% Correct
115
Dimitry Vassiliev
73.3%
87
Dawid Kubacki
72.2%
281
Michael Neumayer
70.1%
82
Anders Jacobsen
69.2%
350
Anssi Koivuranta
69%
92
Tom Hilde
68%
312
Jan Ziobro
67.6%
132
Klemens Muranka
65.3%
171
Andreas Wank
64.8%
201
Rune Velta
64.6%
3
Stefan Hula
64.6%
16
Martin Koch
62.1%
53
Denis Kornilov
61.8%
53
Lukas Hlava
61.4%
407
Marinus Kraus
60.7%
98
Manuel Fettner
58.9%
62
Mackenzie Boyd-Clowes
58.6%
144
Krzysztof Biegun
58.2%
21
Vincent Descombes Sevoie
57.7%
77
Lauri Asikainen
56.8%
84
Jaka Hvala
56.1%
30
Daniel-Andre Tande
55.6%
27
Ville Larinto
55.4%
103
Andreas Stjernen
53.1%
99
Markus Eisenbichler
52.9%
36
Davide Bresadola
51.7%
108
Antonin Hajek
51.3%
52
Kaarel Nurmsalu
49%
11
Janne Happonen
48.3%
Points
Athlete
% Correct
4
Martin Schmitt
47.1%
106
Karl Geiger
46%
1
Krzysztof Mietus
44.6%
3
Shohei Tochimoto
44.4%
137
Nejc Dezman
43.7%
44
Ronan Lamy Chappuis
40.9%
173
Reruhi Shimizu
39.1%
65
Mikhail Maksimochkin
38.9%
15
Bjoern Einar Romoeren
37.2%
78
Yuta Watase
35.4%
43
Robert Johansson
34.9%
99
Manuel Poppinger
34.5%
24
Roberto Dellasega
32.4%
3
Nicholas Fairall
32%
16
Matjaz Pungertar
31.5%
31
Olli Muotka
30.3%
61
Jarkko Maeaettae
29.7%
96
Ole Marius Ingvaldsen
25.3%
140
Tomaz Naglic
24.1%
1
Pascal Kaelin
22.3%
21
Alexey Romashov
20%
15
Rok Justin
18.2%
25
Danny Queck
15.4%
19
Robert Hrgota
15.2%
7
Sami Heiskanen
13.6%
1
Daito Takahashi
13.3%
1
Simen Key Grimsrud
12.2%
Quiz Playlist
Details
Report
Send in Message
Add To Playlist
Classic:
Type in answers that appear in a list
Quiz Source
Last Updated: Feb 16, 2017
Quiz Scoreboard
CHALLENGE
Sign Up to Join the Scoreboard
Show All
Scores
Hide
Comments
May contain spoilers
Recently Published
Find the 'City' Movie
by crazypaving
Movies
60s
5x2 Blitz: Bands
by SL_Kpop136
Music
30s
Colored Red Africa Blitz
by spor1
Geography
30s
More to Explore
Quiz From the Vault
Featured Blog Post
14 Easter Pick-up Lines to Find Eggs With
hide this ad
You Might Also Like...
Tags
Nation Quiz
World Quiz
2012
2013
2014
cup
fis
Jumper
Jumping
least
male
point
ski
Today's Top Quizzes in Sports
Browse Sports
hide this ad
Today's Top Quizzes in Nation
Browse Nation
Top Contributed Quizzes in Sports
1
Players with Multiple 50 Home Run Seasons
2
Who Needs Fielders?
3
Criteria MLB: Left Handed Sluggers
4
MLB Players with Two .350 Batting Average Seasons
5
Who Hit More Homers?
6
2020 F1 Drivers Logic Puzzle
7
NBA Teammate Connections
8
Premier League Clubs since 2000 (minefield)
9
MLB Teams by First Game
10
Top 10 NHL Goal Scorers of All Time
Explore More
Trending Topics
Kpop
Crossword
Anime
Harry Potter
Disney
Marvel
NBA
NFL
Soccer
Country
Pokémon
The Office
WWE
Puzzle
Song
hide this ad
More By:
perrr
Quiz
Plays
Rating
Category
Featured
Created
Ski jumpers of 2009/2010
466
Sports
Aug 9, 2010
Male ski jumpers of 2013/2014
435
5.00
Sports
Mar 23, 2014
Male ski jumpers of 2012/2013
282
5.00
Sports
Mar 26, 2013
Best male ski jumper by nation
126
Sports
Mar 30, 2013
Female ski jumpers of 2012/2013
76
Sports
Mar 18, 2013
Go to Creator's Profile
Score Distribution
Quiz Creator Spotlight
perrr
Follow
Send a Message
Quizzes Created
-
Created Quiz Play Count
-
More By This Creator
Popular Quizzes Today
1
Find the 'City' Movie
2
5x2 Blitz: Bands
3
Colored Red Africa Blitz
4
Find the US States - No Outlines Minefield
5
The Countries of the World
6
Find the US States
7
9x9 Crossword: Cartoon Network
8
US States
More Sports Quizzes
F1: multiple drivers' titles with Ferrari
Curator's Pick
Trending Quizzes
Colored Red Africa Blitz II
Colored Red Europe Blitz I
Colored Red Africa Blitz III
Colored Red Europe Blitz II
Colored Red Europe Blitz III
Recently Updated
Champions League XIs: Real Madrid
pecheneg
Largest US Cities 1790-2010
pecheneg
Rides in Walt Disney World
pecheneg
Most Oscar Losses (Acting)
pecheneg
Beyoncé Albums
pecheneg
Leaping Animals
pecheneg
Reality TV Shows (A-Z)
bhenderson79
Rickey Henderson's Hall of Fame Teammates
pecheneg
Champions League XIs: Arsenal
pecheneg
Quick Pick: Celebrities in WWE's Hall of Fame
aduchscher
Trending Topics
Harry Potter
NBA
Marvel
Crossword
Disney
Anime
Kpop
Song
Soccer
Puzzle
Country
Pokémon
WWE
The Office
NFL
Your Account Isn't Verified!
In order to create a playlist on Sporcle, you need to verify the email address you used during registration. Go to your
Sporcle Settings
to finish the process.
Report this User
Report this user for behavior that violates our
Community Guidelines
.
Details:
Send Report
Go to the Sporcle.com Mobile Site →
Comments